00509nam a22001695i 4500001000700000003000900007005001700016008004100033080001100074100003100085245008200116260003400198300002900232650003000261700002500291852002300316171932ES-MaACL20250814065628.0090609s1967 sp |||| | spa d a91(02)1 aSorre, Maximilien, d1880-13aEl hombre en la tierra / cMax Sorre ; [traducción por Francisco Payarols]. aBarcelona : bLabor, c[1967] aXV, 317 p.:il ; c24 cm.17aGeografía humana2embne1 aPayarols, Francisco. aES-MaACLjC-33579